Maladies des nourrissons et des enfants / (Record no. 34661)

MARC details
000 -LEADER
campo de control de longitud fija 00652nam a2200205 i 4500
001 - NÚMERO DE CONTROL
campo de control 34661
003 - IDENTIFICADOR DE NÚMERO DE CONTROL
campo de control ES-MaACL
005 - FECHA Y HORA DE LA ÚLTIMA TRANSACCIÓN
campo de control 20230906154956.0
007 - CAMPO FIJO DE DESCRIPCIÓN FÍSICA--INFORMACIÓN GENERAL
campo de control de longitud fija t|
008 - DATOS DE LONGITUD FIJA--INFORMACIÓN GENERAL
campo de control de longitud fija 030207s1926 fr ||||1| fre d
100 1# - ENTRADA PRINCIPAL--NOMBRE DE PERSONA
Nombre de persona Blechmann, Germain.
9 (RLIN) 29457
245 10 - MENCIÓN DEL TÍTULO
Título Maladies des nourrissons et des enfants /
Mención de responsabilidad, etc. Germain Blechamann.
260 ## - PUBLICACIÓN, DISTRIBUCIÓN, ETC.
Lugar de publicación, distribución, etc. Paris :
Nombre del editor, distribuidor, etc. Octave Doin,
Fecha de publicación, distribución, etc. 1926 (
Fabricante Imp. Orleanaise)
300 ## - DESCRIPCIÓN FÍSICA
Extensión 387 p. ;
Dimensiones 16 cm.
490 1# - MENCIÓN DE SERIE
Mención de serie Les consultations journalières
650 #4 - PUNTO DE ACCESO ADICIONAL DE MATERIA--TÉRMINO DE MATERIA
Término de materia o nombre geográfico como elemento de entrada Niños-
Subdivisión general Enfermedades-
-- Aspectos nutricionales.
9 (RLIN) 165406
830 0# - PUNTO DE ACCESO ADICIONAL DE SERIE-TÍTULO UNIFORME
Título uniforme Les consultations journalières
9 (RLIN) 182913
852 ## - LOCALIZACIÓN
Ubicación ES-MaACL
Número de control de estantería E-1238
Holdings
Estatus retirado Estado de pérdida Estado de daño No para préstamo Biblioteca de origen Biblioteca actual Ubicación en estantería Fecha de adquisición Fuente de adquisición Total de préstamos Signatura topográfica completa Código de barras Visto por última vez Precio de reemplazo Tipo de ítem Koha
        Biblioteca del Ateneo de Madrid Biblioteca del Ateneo de Madrid Depósito 2 17/01/2008     E-1238 1036157 23/02/2023 23/02/2023 Libro impreso